| 000 | 00694nam a2200217Ia 4500 | ||
|---|---|---|---|
| 003 | GCL | ||
| 005 | 20240530103138.0 | ||
| 008 | 140319s9999 xx 000 0 ara d | ||
| 040 |
_aGCL / _cGCL |
||
| 082 | 0 | 4 |
_a415.1 _bص ت |
| 100 | 1 | _aرمضان عبدالتواب | |
| 245 | 1 | 0 |
_aتصحيح التصحيف وتحرير التحريف / _cرمضان عبدالتواب |
| 260 |
_a[S.N] : _bمكتبة الخانجى ، _c1987 |
||
| 300 | _a688 ص | ||
| 650 | 0 | 4 | _aالادب العربى |
| 650 | 0 | 4 | _aالنحو |
| 650 | 0 | 4 | _aاللغة العربية |
| 700 | 1 | _aالصفدى ,صلاح الدين ابوالصفا خل | |
| 700 | 1 | _aالسيد الشرقاوى | |
| 942 |
_2ddc _cBK |
||
| 999 |
_c37153 _d37153 |
||